|
|
|
|
| LEADER |
00000cam a2200000 7i4500 |
| 001 |
0000003560 |
| 005 |
20220105103948.0 |
| 008 |
070719 |
| 020 |
|
|
|a 9833449000(set)
|
| 020 |
|
|
|a 9833449018
|
| 090 |
0 |
0 |
|a JP
|b CT MAL (4590)
|
| 245 |
1 |
0 |
|a Puteri Dewi Hairani dari kayangan
|c Diceritakan semula oleh Othman Rasul
|
| 260 |
|
|
|a Kuala Lumpur :
|b Pustaka Buana ,
|c 2006
|
| 440 |
|
|
|a Siri klasik legenda Melayu
|
| 500 |
|
|
|a Children age 4-6 years old (yellow)
|
| 650 |
|
0 |
|a Folk literature, Malay
|
| 650 |
|
0 |
|a Folklore
|x Malay
|
| 999 |
|
|
|a 0000916875
|b Book
|c Children Collection
|e Cawangan Bukit Gambir
|
| 999 |
|
|
|a 0000916876
|b Book
|c Children Collection
|e Cawangan Bukit Gambir
|
| 999 |
|
|
|a 0000927222
|b Book
|c Children Collection
|e Cawangan Tangkak
|
| 999 |
|
|
|a 0000927223
|b Book
|c Children Collection
|e Cawangan Tangkak
|
| 999 |
|
|
|a 0000927224
|b Book
|c Children Collection
|e Cawangan Tangkak
|
| 999 |
|
|
|a 0000971332
|b Book
|c Children Collection
|e Cawangan Bandar Tenggara
|
| 999 |
|
|
|a 0000971333
|b Book
|c Children Collection
|e Perbadanan Perpustakaan Awam Johor
|
| 999 |
|
|
|a 0000971334
|b Book
|c Children Collection
|e Perbadanan Perpustakaan Awam Johor
|
| 999 |
|
|
|a 0000971335
|b Book
|c Children Collection
|e Perbadanan Perpustakaan Awam Johor
|
| 999 |
|
|
|a 0000971336
|b Book
|c Children Collection
|e Cawangan Mersing
|